LIBRARY & INFORMATION CENTRE, KCAET, TAVANUR

ONLINE PUBLIC ACCESS CATALOGUE (OPAC)

Multivariate data analysis (Record no. 13598)

MARC details
000 -LEADER
fixed length control field 00338cam a2200133ua 4500
020 ## - INTERNATIONAL STANDARD BOOK NUMBER
ISBN 9788131715284
100 ## - MAIN ENTRY--AUTHOR NAME
Personal name Joseph F Hair.
245 ## - TITLE STATEMENT
Title Multivariate data analysis
250 ## - EDITION STATEMENT
Edition statement 6.
260 ## - PUBLICATION, DISTRIBUTION, ETC. (IMPRINT)
Place of publication New Delhi
Name of publisher Pearson Education Asia
Year of publication 2008
300 ## - PHYSICAL DESCRIPTION
Number of Pages 923.
700 ## - ADDED ENTRY--PERSONAL NAME
Personal name Barry J Babin.
700 ## - ADDED ENTRY--PERSONAL NAME
Personal name William C Black.
Holdings
Withdrawn status Lost status Damaged status Home library Current library Date acquired Full call number Accession Number Koha item type
      KAUAET KAUAET 26/08/2022 519.53 HAI/MU 22271 Books
free website counter